| 000 | 00605nam a2200205Ia 4500 | ||
|---|---|---|---|
| 005 | 20250923144628.0 | ||
| 008 | 008 250917s9999 xx 000 0 eng d | ||
| 037 | _aTextual | ||
| 040 |
_aDSWL _beng _cDSWL |
||
| 041 |
_aeng _2eng |
||
| 084 |
_aY12:45u73.N5, J8 _qDSWL |
||
| 100 |
_aNye, F.Ivan _9826791 |
||
| 245 | 0 |
_aFamily relationships and delinuent behavior _cby F.Ivan Nye |
|
| 260 |
_aNew York _bLondon John Wiley & Sons _c1958 |
||
| 300 | _axii,168p. | ||
| 365 |
_aUSD _b4.95 |
||
| 925 | _g4.95 | ||
| 942 |
_cTEXL _hY12:45u73.N5, J8 |
||
| 999 |
_c1441358 _d1441358 |
||